| 000 | 00554nam a2200181Ia 4500 | ||
|---|---|---|---|
| 001 | 24523 | ||
| 005 | 20260414151049.0 | ||
| 008 | 260414t2005||||xx |||||||||||||| ||spa|| | ||
| 041 | _aESP | ||
| 082 |
_a345.721 _bB94 |
||
| 100 |
_aBurgos Ladrón de Guevara, Juan _eAUT |
||
| 245 | 0 |
_aVademécum de principios inspiradores del arbitraje y de práctica arbitral de tribunales arbitrales según la nueva ley de arbitraje 60/2003 _b |
|
| 260 | _c2005 | ||
| 300 |
_a263 páginas : _c24 cm. |
||
| 650 | _aDER | ||
| 654 | _aCDE | ||
| 942 |
_cLIB _dJUS _fJUS _2ddc _n |
||
| 999 |
_c24523 _d24523 |
||